000 00708nam a2200229 a 4500
001 48023
005 20180714032200.0
008 140415s2003 mx 000 0 spa d
020 _a968-12-1194-4
041 _aspa
082 0 _a336.2
_bMIR
100 1 _aMiranda, José.
245 1 0 _aEl tributo indígena en la Nueva España durante el sigl0o XVI.
250 _aSegunda edición
260 _aMéxico :
_bTRrillas,
_c2003.
300 _a367 páginas : ;
_c23 cm.
336 _atexto
_2rdacontent
337 _asin mediación
_2rdamedia
338 _avolumen
_2rdacarrier
650 4 _aImpuestos
_zMéxico
_xHistoria
_xSiglo XVI
650 4 _aIndigenas de México
_xHistoria
_xSiglo XVI
999 _c48023
_d48023